00465nam a2200193Ia 4500003000900000008004100009040001300050040001300063041000800076100001700084245007600101250001200177260001200189260000900201300001100210300001000221490003400231490000600265IT-RoPAU120407s9999 xx 000 0 und d aIT-RoPAU cIT-RoPAU aita aP. B. Grenet aOntologia. In appendice: E. Maccagnolo note sull’ontologia in Italia. aBrescia aPaideia c1967 a405 p. c21 cm aCorso di filosofia tomista, 5 v1